[Event "London Chess Classic FIDE Open"]
[Site "London ENG"]
[Date "2010.12.14"]
[Round "8"]
[White "Andersen, Mads"]
[Black "Llaneza Vega, Marcos"]
[Result "0-1"]
[WhiteTitle "FM"]
[BlackTitle "IM"]
[WhiteElo "2382"]
[BlackElo "2479"]
[WhiteFideId "1413864"]
[BlackFideId "2253585"]
[EventDate "2010.12.08"]

1. e4 c5 2. Nf3 d6 3. d4 cxd4 4. Nxd4 Nf6 5. Nc3 g6 6. Be3 Bg7 7. f3 O-O 8. Qd2
Nc6 9. Bc4 Nd7 10. h4 Nb6 11. Bb3 Na5 12. Qd3 Nxb3 13. axb3 d5 14. Ndb5 Be6 15.
exd5 Nxd5 16. Nxd5 Bxd5 17. Nc3 Be6 18. Qxd8 Rfxd8 19. Ke2 Bf5 20. Ne4 a6 21. c3
Bxe4 22. fxe4 Rd6 23. Rad1 Rad8 24. Rxd6 Rxd6 25. h5 f5 26. exf5 gxf5 27. Rf1
Rd5 28. b4 e6 29. Rf3 Be5 30. Bh6 Kf7 31. Re3 Bf6 32. Rf3 Rd8 33. Be3 Rg8 34.
Kf2 Bh4+ 35. g3 Bf6 36. Ke2 Rd8 37. Bh6 Ke7 38. Be3 Rd5 39. Bh6 Kf7 40. Be3 Kg7
41. Rf4 Re5 42. Kf3 Rxe3+ 43. Kxe3 Bg5 44. Kd4 Bxf4 45. gxf4 Kh6 46. Kc5 Kxh5
47. Kb6 Kg4 48. Kxb7 h5 49. c4 h4 50. c5 h3 51. c6 h2 52. c7 h1=Q+ 53. Kb8 Qc6
54. c8=Q Qxc8+ 55. Kxc8 Kxf4 56. Kb7 Kg4 57. Kxa6 f4 58. b5 f3 59. b6 f2 0-1

[Event "London Chess Classic FIDE Open"]
[Site "London ENG"]
[Date "2010.12.14"]
[Round "8"]
[White "Gupta, Abhijeet"]
[Black "Quillan, Gary"]
[Result "1-0"]
[WhiteTitle "GM"]
[BlackTitle "IM"]
[WhiteElo "2600"]
[BlackElo "2385"]
[WhiteFideId "5010608"]
[BlackFideId "401153"]
[EventDate "2010.12.08"]

1. d4 Nf6 2. c4 c5 3. d5 e6 4. Nc3 exd5 5. cxd5 d6 6. Nf3 g6 7. g3 Bg7 8. Bg2
O-O 9. O-O Re8 10. Nd2 b6 11. a4 Ba6 12. Nb5 Nbd7 13. h3 Qe7 14. Re1 Ne5 15. Ra3
g5 16. Nf3 Nxf3+ 17. Rxf3 h6 18. e4 Bxb5 19. axb5 Nd7 20. Ra3 c4 21. Bf1 Rec8
22. f4 gxf4 23. gxf4 Qh4 24. Kh2 Kh8 25. Rg3 c3 26. bxc3 Rxc3 27. Rxc3 Bxc3 28.
Re2 Rg8 29. Rg2 Nf6 30. Rxg8+ Kxg8 31. Bg2 h5 32. Kg1 Qg3 33. Kh1 h4 34. Qe2 Bd4
35. Bd2 Qb3 36. Be1 Qb1 37. Kh2 Qc1 38. Qd2 Be3 39. Qxc1 Bxc1 40. Bxh4 Bxf4+ 41.
Bg3 Nh5 42. Bxf4 Nxf4 43. Kg3 Ne2+ 44. Kg4 f6 45. Bf1 Nc3 46. Kf5 Kf7 47. h4 Nd1
48. Kf4 Kg6 49. h5+ Kh6 50. Kf5 Ne3+ 51. Kxf6 Kxh5 52. Be2+ Kh4 53. Ke6 Kg5 54.
e5 dxe5 55. d6 1-0

[Event "London Chess Classic FIDE Open"]
[Site "London ENG"]
[Date "2010.12.14"]
[Round "8"]
[White "Greenfeld, Alon"]
[Black "Crouch, Colin S"]
[Result "1-0"]
[WhiteTitle "GM"]
[BlackTitle "IM"]
[WhiteElo "2564"]
[BlackElo "2335"]
[WhiteFideId "2800039"]
[BlackFideId "400947"]
[EventDate "2010.12.08"]

1. d4 d5 2. c4 c6 3. Nc3 Nf6 4. Nf3 g6 5. cxd5 cxd5 6. Bf4 Nc6 7. e3 Bg7 8. h3
O-O 9. Be2 Bf5 10. Qb3 Na5 11. Qa3 Nc4 12. Bxc4 dxc4 13. O-O Nd5 14. Be5 Nxc3
15. Qxc3 Qd5 16. Bxg7 Kxg7 17. Ne5 b5 18. f3 Qd6 19. e4 Bc8 20. d5 f6 21. Nc6 e6
22. a4 exd5 23. axb5 Bxh3 24. exd5 Qc5+ 25. Qd4 Qxd4+ 26. Nxd4 Bf5 27. g4 Bd3
28. Ne6+ Kf7 29. Nxf8 Bxf1 30. Nd7 c3 31. bxc3 Bxb5 32. Nb6 Re8 33. Rxa7+ Re7
34. Ra5 Be2 35. Kf2 Bd3 36. Ra2 Rb7 37. Ke3 Bb5 38. Nc8 Rd7 39. Kd4 Rd8 40. Nb6 1-0

[Event "London Chess Classic FIDE Open"]
[Site "London ENG"]
[Date "2010.12.14"]
[Round "8"]
[White "Arkell, Keith C"]
[Black "Thorhallsson, Throstur"]
[Result "0-1"]
[WhiteTitle "GM"]
[BlackTitle "GM"]
[WhiteElo "2431"]
[BlackElo "2367"]
[WhiteFideId "400270"]
[BlackFideId "2300109"]
[EventDate "2010.12.08"]

1. d4 Nf6 2. Nf3 e6 3. c4 c5 4. d5 exd5 5. cxd5 d6 6. Nc3 g6 7. g3 Bg7 8. Bg2
O-O 9. O-O a6 10. a4 Re8 11. Re1 Nbd7 12. Bf4 Qc7 13. Qc2 b6 14. h3 Rb8 15. Qb1
Nh5 16. Bd2 Ne5 17. Nxe5 Bxe5 18. e3 Bg7 19. b4 Nf6 20. e4 Nd7 21. Rc1 Ne5 22.
Ra2 f5 23. Bf4 Bd7 24. exf5 gxf5 25. Ne2 Qd8 26. Be3 a5 27. b5 Qf6 28. Nf4 Qf7
29. Rd2 Kh8 30. Qc2 Ng6 31. Nh5 Be5 32. f4 Bf6 33. Nxf6 Qxf6 34. Bf2 Re7 35.
Rdd1 Rbe8 36. Be1 Kg8 37. Bc3 Qf7 38. Bf3 Re3 39. Rf1 Bc8 40. Rcd1 Bb7 41. Ba1
Rxf3 42. Rxf3 Bxd5 43. Rfd3 Be4 44. Qc3 Bxd3 45. Rxd3 Qe7 46. Rd1 d5 47. Qb3
Qe3+ 48. Qxe3 Rxe3 49. Bf6 d4 50. Bd8 Re6 51. Kf2 Ne7 52. g4 Nd5 53. gxf5 Re3
54. f6 Kf7 55. Rg1 Nxf6 56. Bxb6 Ne4+ 57. Kf1 d3 58. Bxa5 c4 59. b6 Re2 60. Rg2
Rc2 61. b7 Rc1+ 62. Be1 Rb1 63. Ra2 c3 64. Kg2 d2 65. Bxd2 cxd2 0-1

[Event "London Chess Classic FIDE Open"]
[Site "London ENG"]
[Date "2010.12.14"]
[Round "8"]
[White "Hanley, Craig A"]
[Black "Wall, Gavin"]
[Result "1-0"]
[WhiteTitle "IM"]
[BlackTitle "IM"]
[WhiteElo "2428"]
[BlackElo "2325"]
[WhiteFideId "408514"]
[BlackFideId "2501244"]
[EventDate "2010.12.08"]

1. Nf3 d6 2. d4 f5 3. g3 Nf6 4. Bg2 g6 5. O-O Bg7 6. b3 O-O 7. Bb2 c6 8. c4 Na6
9. Nbd2 e5 10. dxe5 Ng4 11. Qc2 Nxe5 12. Rad1 Qc7 13. a3 h6 14. b4 Be6 15. Nd4
Rae8 16. Nxe6 Rxe6 17. Nb3 f4 18. Bh3 Ref6 19. Bxe5 dxe5 20. Rd7 Qb8 21. Rfd1
Kh7 22. Qe4 fxg3 23. fxg3 R8f7 24. Rd8 Qc7 25. c5 b6 26. Qc4 Nb8 27. Rc8 Qb7 28.
Rdd8 Na6 29. Be6 b5 30. Bxf7 bxc4 31. Bg8+ Kh8 32. Bxc4+ Kh7 33. Na5 Qe7 34. Re8
Qc7 35. Rxc7 Nxc7 36. Re7 1-0

[Event "London Chess Classic FIDE Open"]
[Site "London ENG"]
[Date "2010.12.14"]
[Round "8"]
[White "Dukaczewski, Piotr"]
[Black "Ansell, Simon T"]
[Result "0-1"]
[WhiteTitle "IM"]
[BlackTitle "IM"]
[WhiteElo "2297"]
[BlackElo "2417"]
[WhiteFideId "1103520"]
[BlackFideId "402141"]
[EventDate "2010.12.08"]

1. e4 c6 2. d4 d5 3. exd5 cxd5 4. Bd3 Nc6 5. c3 Qc7 6. Ne2 Bg4 7. f3 Bd7 8. Bf4
e5 9. dxe5 Nxe5 10. Bc2 Bd6 11. O-O Ne7 12. Kh1 O-O 13. Na3 N7g6 14. Bg3 Rfe8
15. Bb3 Rad8 16. Re1 h5 17. Bxd5 h4 18. Bf2 Bxa3 19. bxa3 Bc6 20. Bxc6 Rxd1 21.
Bxe8 Rxa1 22. Rxa1 Nd3 23. Bxa7 Qe7 24. Bxf7+ Kxf7 25. Ng1 Qxa3 26. Bd4 Qb2 27.
Rd1 Ngf4 0-1

[Event "London Chess Classic FIDE Open"]
[Site "London ENG"]
[Date "2010.12.14"]
[Round "8"]
[White "Astaneh Lopez, Alex"]
[Black "Getz, Nicolai"]
[Result "1/2-1/2"]
[WhiteTitle "FM"]
[WhiteElo "2405"]
[BlackElo "2317"]
[WhiteFideId "2501430"]
[BlackFideId "1505572"]
[EventDate "2010.12.08"]

1. c4 e6 2. g3 d5 3. Bg2 Nf6 4. Nf3 dxc4 5. Qa4+ c6 6. Qxc4 b5 7. Qc2 Bb7 8. O-O
Nbd7 9. d3 Rc8 10. a4 Be7 11. Bg5 O-O 12. Nfd2 a6 13. Nc3 h6 14. Bxf6 Nxf6 15.
Nb3 Qb6 16. d4 c5 17. dxc5 Bxc5 18. Bxb7 Qxb7 19. axb5 axb5 20. Nxc5 Rxc5 21.
Qb3 b4 22. Ra4 Rb8 23. Na2 Rb5 24. Rd1 Qe4 25. Qd3 Rd5 26. Qb3 Qxe2 27. Rf1 Rdb5
28. Nc1 Qh5 29. Kg2 Nd5 30. Ra7 Qg6 31. Qf3 e5 32. Re1 Nf6 33. Rd1 e4 34. Qb3
Rf5 35. Rd2 Ng4 36. h3 e3 37. hxg4 exd2 38. gxf5 Qxf5 39. Ne2 Re8 40. Nd4 Qh5
41. Ne2 Rxe2 42. Ra8+ Kh7 43. Qd3+ f5 44. Qd5 Re8 45. Rxe8 Qxe8 46. Qxd2 Qe4+
47. Kg1 h5 48. Qg5 Qg4 49. Qe7 Qe4 50. Qg5 g6 51. Qf6 Qb7 52. Qd4 Qe7 53. Kh2
Qe1 54. Qd7+ Kh6 55. Qd4 Qe4 1/2-1/2

[Event "London Chess Classic FIDE Open"]
[Site "London ENG"]
[Date "2010.12.14"]
[Round "8"]
[White "Rudd, Jack"]
[Black "Barle, Janez"]
[Result "1/2-1/2"]
[WhiteTitle "IM"]
[BlackTitle "IM"]
[WhiteElo "2253"]
[BlackElo "2403"]
[WhiteFideId "405736"]
[BlackFideId "14600021"]
[EventDate "2010.12.08"]

1. e4 c5 2. Nf3 Nc6 3. d4 cxd4 4. Nxd4 d5 5. Nxc6 bxc6 6. exd5 Qxd5 7. Qe2 Nf6
8. Nc3 Qe6 9. Be3 g6 10. O-O-O Bg7 11. Bc5 Bd7 12. Qxe6 Bxe6 13. Ba6 Rb8 14.
Rhe1 Nd5 15. Nxd5 Bxb2+ 16. Kd2 Rd8 17. Bd3 Rxd5 18. Bxa7 Bf6 19. Bb6 O-O 20. a4
c5 21. Ke2 Bc3 22. Rg1 c4 23. Be4 Re5 24. Kf3 h5 25. h3 f5 26. Bc6 Rc8 27. Bd7
Ra8 28. Bc7 Bxd7 29. Bxe5 Bc6+ 30. Kf4 g5+ 31. Kxf5 Ra5 32. Rge1 Kf7 33. f4 gxf4
34. Kxf4 Bxe1 35. Rxe1 Bxg2 36. Kg3 Bc6 37. Bd4 Rxa4 38. c3 Ra2 39. Re5 Rg2+ 40.
Kh4 Bd7 41. Rxh5 Kg6 42. Re5 Rh2 43. Re3 Bf5 1/2-1/2

[Event "London Chess Classic FIDE Open"]
[Site "London ENG"]
[Date "2010.12.14"]
[Round "8"]
[White "Cox, John J"]
[Black "Coleman, David J"]
[Result "1-0"]
[WhiteTitle "IM"]
[BlackTitle "CM"]
[WhiteElo "2398"]
[BlackElo "2247"]
[WhiteFideId "401064"]
[BlackFideId "402087"]
[EventDate "2010.12.08"]

1. c4 c5 2. g3 g6 3. Bg2 Bg7 4. Nc3 Nc6 5. Nf3 e5 6. O-O Nge7 7. a3 O-O 8. Rb1
a5 9. Ne1 d6 10. Nc2 Be6 11. Ne3 Qd7 12. Ned5 Rab8 13. d3 Kh8 14. Bg5 f6 15. Bd2
f5 16. Qa4 Nc8 17. b4 axb4 18. axb4 b6 19. bxc5 bxc5 20. Nf4 Rxb1 21. Rxb1 exf4
22. Bxc6 Qe7 23. gxf4 Qh4 24. Bg2 g5 25. Nd5 Bxd5 26. cxd5 Bd4 27. Be3 Be5 28.
d4 Bxf4 29. Bxf4 Qxf4 30. e3 Qh4 31. Rb8 cxd4 32. exd4 g4 33. Qc2 Qd8 34. Bf1
Qe8 35. Qc1 f4 36. Ba6 g3 37. Rxc8 gxh2+ 38. Kxh2 Qh5+ 39. Kg1 Qg4+ 40. Kf1 Qh3+
41. Ke1 Qh1+ 42. Kd2 Qxc1+ 43. Kxc1 Rxc8+ 44. Bxc8 1-0

[Event "London Chess Classic FIDE Open"]
[Site "London ENG"]
[Date "2010.12.14"]
[Round "8"]
[White "Wallace, Paul"]
[Black "Hennigan, Michael T"]
[Result "0-1"]
[BlackTitle "IM"]
[WhiteElo "2231"]
[BlackElo "2388"]
[WhiteFideId "2500892"]
[BlackFideId "400858"]
[EventDate "2010.12.08"]

1. e4 c5 2. Nf3 Nc6 3. d4 cxd4 4. Nxd4 Nf6 5. Nc3 d6 6. Bg5 e6 7. Qd2 a6 8.
O-O-O Bd7 9. f4 Be7 10. Nf3 b5 11. e5 b4 12. exf6 bxc3 13. Qxc3 gxf6 14. Rxd6
Bxd6 0-1

[Event "London Chess Classic FIDE Open"]
[Site "London ENG"]
[Date "2010.12.14"]
[Round "8"]
[White "White, Michael J R"]
[Black "Pena Gomez, Manuel"]
[Result "0-1"]
[WhiteTitle "FM"]
[BlackTitle "IM"]
[WhiteElo "2247"]
[BlackElo "2429"]
[WhiteFideId "407380"]
[BlackFideId "2252813"]
[EventDate "2010.12.08"]

1. e4 c5 2. Nf3 e6 3. d3 Nc6 4. g3 g6 5. Bg2 Bg7 6. O-O Nge7 7. c3 d5 8. Nbd2
O-O 9. Re1 Qc7 10. Qe2 b5 11. e5 a5 12. Nf1 b4 13. Bf4 a4 14. a3 bxc3 15. bxc3
Rb8 16. h4 Rb3 17. Rec1 Qa5 18. Bd2 Rb2 19. N1h2 d4 20. Qe1 Qb5 21. c4 Qb3 22.
Bf1 Qb8 23. Bf4 h5 24. Rcb1 Bd7 25. Bg2 Qb3 26. Rxb2 Qxb2 27. Ng5 Qb6 28. g4 Qc7
29. Ngf3 f6 30. Qd2 Nxe5 31. Nxe5 fxe5 32. Bh6 Bc6 33. gxh5 Bxg2 34. Kxg2 Nf5
35. Bg5 gxh5 36. Qe2 Qb7+ 37. Kg1 Rf7 38. Qxh5 e4 39. Qe2 exd3 40. Qxd3 Qb3 41.
Qxb3 axb3 42. Rb1 Rb7 43. Kf1 Nd6 0-1

[Event "London Chess Classic FIDE Open"]
[Site "London ENG"]
[Date "2010.12.14"]
[Round "8"]
[White "Gullaksen, Eirik"]
[Black "Willmoth, Robert F"]
[Result "0-1"]
[WhiteTitle "IM"]
[WhiteElo "2364"]
[BlackElo "2238"]
[WhiteFideId "1500945"]
[BlackFideId "402540"]
[EventDate "2010.12.08"]

1. e4 e6 2. d4 d5 3. Nc3 Bb4 4. e5 c5 5. a3 Bxc3+ 6. bxc3 Ne7 7. Qg4 O-O 8. Bd3
Nbc6 9. Nf3 f5 10. exf6 Rxf6 11. Qh4 h6 12. O-O c4 13. Be2 Bd7 14. Ne5 Nxe5 15.
dxe5 Nf5 16. Qh3 Rf8 17. g4 Qh4 18. Kg2 Qxh3+ 19. Kxh3 Ne7 20. f4 Ba4 21. Ra2 b6
22. Kg3 Rf7 23. Be3 Raf8 24. Rf2 Kh7 25. Bf3 h5 26. h3 h4+ 27. Kxh4 g5+ 28. Kxg5
Rg7+ 29. Kh4 Rh8 30. Kg3 Nf5+ 31. Kh2 Nxe3 32. Ra1 Kg8 33. Rg1 Rgh7 34. Rg3 Bxc2
35. f5 Bd3 36. Bg2 Nxg2 37. Kxg2 Be4+ 38. Kh2 Kf8 39. a4 Rf7 40. f6 Rb7 41. g5
Bg6 42. Rg1 Kf7 43. Kg3 b5 44. axb5 Rxb5 45. Ra1 a5 46. Rfa2 Ra8 47. Kf4 d4 48.
Ra4 dxc3 49. Rxc4 Rb4 50. Rxb4 axb4 51. Rxa8 c2 52. Rc8 b3 53. Rc7+ Ke8 0-1

[Event "London Chess Classic FIDE Open"]
[Site "London ENG"]
[Date "2010.12.14"]
[Round "8"]
[White "Tate, Alan"]
[Black "Piper, Matthew S"]
[Result "1/2-1/2"]
[WhiteElo "2234"]
[BlackElo "2343"]
[WhiteFideId "2401878"]
[BlackFideId "401463"]
[EventDate "2010.12.08"]

1. e4 e5 2. Nf3 Nc6 3. Bc4 Bc5 4. c3 Nf6 5. d3 a6 6. Bb3 Ba7 7. h3 O-O 8. Bg5 d6
9. Nbd2 Be6 10. Nf1 h6 11. Bh4 g5 12. Bg3 d5 13. Qe2 dxe4 14. dxe4 Bxb3 15. axb3
Nh5 16. h4 Nf4 17. Bxf4 gxf4 18. g3 Kh8 19. gxf4 exf4 20. N1d2 Rg8 21. O-O-O Qf6
22. Rdg1 Rxg1+ 23. Rxg1 Rg8 24. Rxg8+ Kxg8 25. b4 b5 26. h5 Kf8 27. Ne1 Ne5 28.
Ndf3 Ng4 29. Nd3 Bb6 30. Kb1 Ke8 31. Nd4 Qg5 32. Nf5 Nf6 33. Qf3 Kf8 34. Nxf4
Qg1+ 35. Kc2 Qxf2+ 36. Qxf2 Bxf2 37. Kd3 Ng4 38. Nd5 c6 39. Nc7 Ba7 40. Ke2 Nf6
41. Kf3 Nxh5 42. Nxa6 Nf6 43. Nxh6 Nd7 44. Kf4 f6 45. Ng4 Ke7 46. Kf5 Bg1 47.
Nc7 Nb6 48. b3 Nc8 49. Na6 Nd6+ 50. Kf4 Nb7 51. Nb8 c5 52. Na6 cxb4 53. Nxb4 Nc5
54. Nd5+ Ke6 55. b4 Na4 56. Nc7+ Kd7 57. Nxb5 Kc6 58. Nd4+ Kd6 59. Ne2 Ba7 60.
Nxf6 Ke6 61. Nd5 Bb8+ 62. Ke3 Ke5 63. c4 Ba7+ 64. c5 Bxc5+ 65. bxc5 Nxc5 1/2-1/2

[Event "London Chess Classic FIDE Open"]
[Site "London ENG"]
[Date "2010.12.14"]
[Round "8"]
[White "Eggleston, David J"]
[Black "Ledger, Dave J"]
[Result "1-0"]
[WhiteTitle "FM"]
[BlackTitle "FM"]
[WhiteElo "2307"]
[BlackElo "2261"]
[WhiteFideId "412120"]
[BlackFideId "401986"]
[EventDate "2010.12.08"]

1. e4 e5 2. Nf3 Nc6 3. Bc4 Nf6 4. Ng5 d5 5. exd5 Na5 6. Bb5+ c6 7. dxc6 bxc6 8.
Qf3 Rb8 9. Bd3 Bd6 10. Nc3 Bg4 11. Qg3 e4 12. Qe3 O-O 13. Ngxe4 Nxe4 14. Nxe4
Re8 15. f3 Bc8 16. g4 f5 17. gxf5 Bxf5 18. Kd1 c5 19. Be2 Qc7 20. Qd3 Rbd8 21.
Nf6+ gxf6 22. Qxf5 Be5 23. f4 Bxf4 24. Rg1+ Bg5 25. Qxf6 h6 26. Qxh6 1-0

[Event "London Chess Classic FIDE Open"]
[Site "London ENG"]
[Date "2010.12.14"]
[Round "8"]
[White "Grassie, Duncan"]
[Black "Radovanovic, Jovica"]
[Result "1-0"]
[BlackTitle "FM"]
[WhiteElo "2096"]
[BlackElo "2276"]
[WhiteFideId "411787"]
[BlackFideId "915912"]
[EventDate "2010.12.08"]

1. d4 c6 2. Bg5 h6 3. Bh4 Qb6 4. b3 e5 5. e3 d5 6. Nf3 Bg4 7. Be2 exd4 8. exd4
Be7 9. Bxe7 Nxe7 10. O-O O-O 11. Nc3 Nf5 12. Na4 Qd8 13. h3 Bxf3 14. Bxf3 Nd7
15. Qd3 Nd6 16. c4 dxc4 17. bxc4 Qa5 18. Nc3 Rad8 19. Rab1 Qa6 20. Rb4 Nb6 21.
Bd1 Ndxc4 22. Bc2 g6 23. Bb3 Qa5 24. Bxc4 Qxb4 25. Qxg6+ Kh8 26. Qxh6+ Kg8 27.
Ne4 Rd6 28. Nxd6 Nxc4 29. Nf5 1-0

[Event "London Chess Classic FIDE Open"]
[Site "London ENG"]
[Date "2010.12.14"]
[Round "8"]
[White "Roy Chowdhury, Saptarshi"]
[Black "Quinn, John M"]
[Result "1-0"]
[WhiteTitle "IM"]
[WhiteElo "2448"]
[BlackElo "2149"]
[WhiteFideId "5002974"]
[BlackFideId "405043"]
[EventDate "2010.12.08"]

1. e4 c5 2. Nf3 e6 3. Nc3 a6 4. d4 cxd4 5. Nxd4 Nc6 6. Nxc6 bxc6 7. Bd3 d5 8.
O-O Nf6 9. Qe2 d4 10. Na4 e5 11. b3 Bd6 12. c3 c5 13. Bg5 h5 14. b4 cxb4 15.
cxd4 Qa5 16. Nb2 Be6 17. f4 exf4 18. e5 Ng4 19. Nc4 Bxc4 20. Bxc4 O-O 21. Bxf4
Rae8 22. e6 1-0

[Event "London Chess Classic FIDE Open"]
[Site "London ENG"]
[Date "2010.12.14"]
[Round "8"]
[White "Toubale, Tarek"]
[Black "Slavin, Alexei"]
[Result "1/2-1/2"]
[BlackTitle "IM"]
[WhiteElo "2168"]
[BlackElo "2425"]
[WhiteFideId "681075"]
[BlackFideId "24104388"]
[EventDate "2010.12.08"]

1. e4 c5 2. Nf3 Nc6 3. Bb5 g6 4. O-O Bg7 5. Re1 Qb6 6. a4 e6 7. Na3 Nge7 8. c3
O-O 9. e5 d5 10. d4 cxd4 11. cxd4 f6 12. exf6 Bxf6 13. Nc2 a6 14. Bxc6 Nxc6 15.
Ra3 Bg7 16. h3 Bd7 17. Rd3 Rac8 18. b3 e5 19. dxe5 Nxe5 20. Rxe5 Bxe5 21. Be3
Qc7 22. Nxe5 Bf5 23. Rxd5 Qxc2 24. Qd4 Qc3 25. Qh4 Be6 26. Rd4 Qc7 27. Ng4 Bxg4
28. Qxg4 Rfd8 29. Rc4 Qb8 30. Qe6+ Kg7 31. Qe7+ Kg8 32. Qe6+ Kg7 33. Qe7+ Kg8 1/2-1/2

[Event "London Chess Classic FIDE Open"]
[Site "London ENG"]
[Date "2010.12.14"]
[Round "8"]
[White "Wohl, Aleksandar H."]
[Black "Tozer, Philip"]
[Result "0-1"]
[WhiteTitle "IM"]
[WhiteElo "2424"]
[BlackElo "2123"]
[WhiteFideId "3200345"]
[BlackFideId "419982"]
[EventDate "2010.12.08"]

1. e4 e6 2. d4 d5 3. Nc3 Nf6 4. e5 Nfd7 5. f4 c5 6. Nf3 Nc6 7. Be3 cxd4 8. Nxd4
Bc5 9. Qd2 O-O 10. O-O-O a6 11. h4 Nxd4 12. Bxd4 b5 13. h5 b4 14. Ne2 a5 15. f5
Bxd4 16. Qxd4 Qg5+ 17. Nf4 Qxf5 18. Re1 Ba6 19. Kb1 Rfc8 20. Bd3 Bxd3 21. cxd3
Rc4 0-1

[Event "London Chess Classic FIDE Open"]
[Site "London ENG"]
[Date "2010.12.14"]
[Round "8"]
[White "Pedersen, Carsten"]
[Black "Rendle, Thomas E"]
[Result "1/2-1/2"]
[BlackTitle "IM"]
[WhiteElo "2154"]
[BlackElo "2400"]
[WhiteFideId "1409760"]
[BlackFideId "408760"]
[EventDate "2010.12.08"]

1. e4 e6 2. d4 d5 3. e5 c5 4. c3 Qb6 5. Nf3 Nc6 6. a3 c4 7. Nbd2 Na5 8. Be2 Bd7
9. O-O O-O-O 10. Rb1 Qc7 11. Ng5 Nh6 12. Re1 f6 13. exf6 gxf6 14. Ngf3 Nf5 15.
Nf1 Nb3 16. N3d2 Ba4 17. Bg4 Qd7 18. Nxb3 Bxb3 19. Qe2 Rg8 20. h3 h5 21. Bxf5
exf5 22. Bf4 Bd6 23. Bxd6 Qxd6 24. Ne3 Qd7 25. f4 Qh7 26. Qf3 h4 27. Nxd5 Rg3
28. Re7 Rxf3 29. Rxh7 Rg3 30. Ne7+ Kb8 31. Rc1 Rd3 32. Re1 Rd2 33. Nxf5 Bc2 34.
Ree7 1/2-1/2

[Event "London Chess Classic FIDE Open"]
[Site "London ENG"]
[Date "2010.12.14"]
[Round "8"]
[White "Zymberi, Astrit"]
[Black "Stoma, Pawel"]
[Result "1-0"]
[WhiteElo "2148"]
[BlackElo "2351"]
[WhiteFideId "4700295"]
[BlackFideId "1113569"]
[EventDate "2010.12.08"]

1. d4 c6 2. c4 d5 3. Nf3 Nf6 4. Nc3 a6 5. a4 e6 6. cxd5 cxd5 7. Bg5 Be7 8. e3
Qa5 9. Bd3 Nc6 10. Rc1 h6 11. Bh4 Qb4 12. Qc2 Qb6 13. Qe2 Bd7 14. O-O g5 15. Bg3
Nh5 16. Be5 Nf6 17. h3 Nxe5 18. Nxe5 Bd6 19. f4 Be7 20. fxg5 hxg5 21. Rf3 Rh6
22. Rcf1 Qb4 23. R1f2 Ne4 24. Bxe4 dxe4 25. Rxf7 Kd8 26. Rxe7 1-0

[Event "London Chess Classic FIDE Open"]
[Site "London ENG"]
[Date "2010.12.14"]
[Round "8"]
[White "Hebbes, Tim"]
[Black "Zhou, Yang-Fan"]
[Result "1-0"]
[BlackTitle "FM"]
[WhiteElo "2108"]
[BlackElo "2326"]
[WhiteFideId "406570"]
[BlackFideId "468584"]
[EventDate "2010.12.08"]

1. Nf3 Nf6 2. c4 g6 3. Nc3 Bg7 4. e4 d6 5. d4 O-O 6. Be2 Nbd7 7. O-O e5 8. dxe5
dxe5 9. Qc2 c6 10. b4 Qe7 11. a4 Nh5 12. b5 Nf4 13. Ba3 Nc5 14. bxc6 bxc6 15. a5
Bg4 16. Na4 Nfe6 17. Nxc5 Nxc5 18. Ne1 Bxe2 19. Qxe2 Rfd8 20. Nd3 Rxd3 21. Qxd3
Nxd3 22. Bxe7 f5 23. f3 Bh6 24. g3 c5 25. Rab1 Be3+ 26. Kg2 Nb4 27. Rfd1 Bd4 28.
Bg5 Rf8 29. Rf1 Rf7 30. Bd2 Nd3 31. Rb8+ Kg7 32. a6 Nb2 33. Rxb2 Bxb2 34. Rb1
Bd4 35. Rb7 fxe4 36. fxe4 Kf8 37. Rxf7+ Kxf7 38. Ba5 Ke6 39. Bb6 Kd7 40. Bxa7
Kc7 41. Kf3 h6 42. h3 Bg1 43. g4 Bd4 44. Ke2 Bg1 45. Kd3 Bf2 46. Kc2 Be3 47. Kb3
Bd4 48. Ka4 Kc6 49. Bb8 Kb6 50. a7 Kb7 51. Kb5 h5 52. Bd6 Kxa7 53. Kc6 1-0

[Event "London Chess Classic FIDE Open"]
[Site "London ENG"]
[Date "2010.12.14"]
[Round "8"]
[White "Grochowalski, Pawel"]
[Black "Roberson, Peter T"]
[Result "1/2-1/2"]
[WhiteElo "2062"]
[BlackElo "2291"]
[WhiteFideId "1115197"]
[BlackFideId "412384"]
[EventDate "2010.12.08"]

1. d4 e6 2. c4 b6 3. Nf3 Bb7 4. g3 Bb4+ 5. Bd2 Bxf3 6. exf3 Bxd2+ 7. Qxd2 d5 8.
Nc3 Ne7 9. cxd5 Nxd5 10. Bg2 Nc6 11. f4 Nce7 12. Nxd5 Nxd5 13. f5 Qf6 14. Bxd5
exd5 15. O-O O-O-O 16. Qd3 Rhe8 17. Rfe1 Kb8 18. f3 Re7 19. h4 Rde8 20. Kf2 Qd6
21. Rxe7 Rxe7 22. Rd1 h6 23. a3 Qc6 24. Kg2 Qc4 25. Kf2 Qxd3 26. Rxd3 Kc8 27. b4
c6 28. g4 f6 29. Rc3 Kd7 30. Rc1 Kd6 31. Rc3 a6 32. Rc1 Ra7 33. Re1 a5 34. Re6+
Kd7 35. g5 hxg5 36. hxg5 axb4 37. gxf6 gxf6 38. axb4 Ra4 39. b5 cxb5 40. Rxb6
Rxd4 41. Rxb5 Kd6 42. Ke3 Ra4 43. f4 Ra3+ 44. Kd4 Ra4+ 45. Ke3 Kc6 46. Rb8 Ra3+
47. Kd4 Rf3 48. Rc8+ Kd7 49. Rg8 Rxf4+ 50. Kxd5 Rxf5+ 51. Ke4 Rc5 52. Kf4 Ra5
53. Rh8 Ke7 54. Rb8 Kf7 55. Rc8 Ra7 56. Kf5 Re7 57. Rb8 Re5+ 58. Kf4 Re6 59. Kf5
Re7 60. Ra8 Kg7 1/2-1/2

[Event "London Chess Classic FIDE Open"]
[Site "London ENG"]
[Date "2010.12.14"]
[Round "8"]
[White "Afek, Yochanan"]
[Black "Sreeves, Clement"]
[Result "1-0"]
[WhiteTitle "IM"]
[WhiteElo "2283"]
[BlackElo "2104"]
[WhiteFideId "2800462"]
[BlackFideId "2402564"]
[EventDate "2010.12.08"]

1. e4 c5 2. c3 Nf6 3. e5 Nd5 4. Nf3 Nc6 5. Bc4 Nb6 6. Bb3 d5 7. exd6 Qxd6 8. d4
cxd4 9. O-O Be6 10. Bxe6 Qxe6 11. Nxd4 Nxd4 12. Qxd4 Rd8 13. Qb4 Qc6 14. Nd2 e6
15. Qg4 h5 16. Qe2 h4 17. h3 Be7 18. Ne4 Rd5 19. Bf4 O-O 20. Nd2 Rfd8 21. Nf3
Bf6 22. Be5 Bxe5 23. Nxe5 Qb5 24. Rfe1 Qxe2 25. Rxe2 Na4 26. Nf3 Rd1+ 27. Rxd1
Rxd1+ 28. Kh2 Ra1 29. a3 Ra2 30. Re4 b5 31. c4 Rxb2 32. cxb5 Nc3 33. Rc4 Nxb5
34. Ng5 g6 35. Rc8+ Kg7 36. Rb8 Rb3 37. Rb7 Nd4 38. Rxf7+ Kg8 39. Rxa7 Rb2 40.
f4 Ne2 41. Nxe6 Kh8 42. f5 gxf5 43. Ra4 1-0